000 00554nam a2200229Ia 4500
003 0100
008 130303s9999 xx 000 0 und d
020 _a0631199993
040 _cARRUPELIB
050 _aBD111.C626 1994
245 2 _aA companion to metaphysics
260 _aOxford
260 _bBlackwell
260 _C1994
300 _a540p.
300 _b 24 cm.
440 _aBlackwell companions to philosophy
650 _aMETAPHYSICS
650 _bTheology-Doctrinal
700 _aKim, Jaegwon ; Sosa, Ernest (ed.)
942 0 0 _01
999 _c12658
_d12658